Migración internacional: de no tener política, a aceptar su importancia /
Αποθηκεύτηκε σε:
| Κύριος συγγραφέας: | |
|---|---|
| Μορφή: | Κείμενο |
| Θέματα: | |
| Ετικέτες: |
Προσθήκη ετικέτας
Δεν υπάρχουν, Καταχωρήστε ετικέτα πρώτοι!
|
MARC
| LEADER | 00000 a a2200000 04500 | ||
|---|---|---|---|
| 001 | 4837 | ||
| 003 | |||
| 040 | |||
| 100 | |a Santibáñez Romellón, Jorge | ||
| 245 | |a Migración internacional: |b de no tener política, a aceptar su importancia / |c Jorge Santibáñez Romellón | ||
| 650 | |a MIGRACION | ||
| 650 | |a POLITICA MIGRATORIA | ||
| 650 | |a MEXICO | ||
| 773 | |g número 16; páginas 9-10 | ||
| 999 | |c 39368 |d 39368 | ||
